| 000 | 00573nam a2200205Ia 4500 | ||
|---|---|---|---|
| 005 | 20250508164459.0 | ||
| 008 | 008 250505s9999 xx 000 0 eng d | ||
| 037 | _aTextual | ||
| 040 |
_aFEDL _beng _cFEDL |
||
| 041 |
_aeng _2eng |
||
| 084 |
_a305.8, ERI _qFEDL |
||
| 100 | _aEriksen Thomas Hylland | ||
| 245 | 0 | _aEthnicity and nationalism : Anthropological perspectives | |
| 260 |
_aLondon, UK _bPluto Press _c1993 |
||
| 300 | _aix,179p. | ||
| 365 |
_aGBP _b9.95 |
||
| 650 | _aEthnography | ||
| 942 |
_cTEXL _h305.8, ERI |
||
| 999 |
_c1389343 _d1389343 |
||